Statistiken für Liedtext - Ich war noch niemals in NY - SF S & Udo Jürgens

Klicken Sie hier um das Quiz zu spielen!

Allgemein

  • Dieses Quiz wurde 698 mal gespielt
    (156 seit der letzten Aktualisierung)
  • Das Durchschnittsergebnis liegt bei 213 aus 308

Antwortstatistiken

Textquiz% Korrekt
Ich
100%
ich
100%
in
99%
noch
99%
Noch
99%
New
98%
nie
98%
war
98%
War
98%
wär
98%
York
98%
niemals
97%
auf
96%
Hawaii
92%
Du
89%
San
85%
Da
83%
Francisco
81%
Ging
81%
ging
81%
und
81%
Und
81%
die
80%
Die
80%
Jeans
80%
der
79%
Er
78%
er
78%
durch
77%
das
75%
ein
75%
Es
74%
frei
74%
Sie
73%
richtig
72%
sein
70%
nach
69%
alle
67%
zerriss'nen
66%
dass / Dalli
63%
holen
63%
Zigaretten
63%
dem
62%
mit
62%
zu
62%
geh'n
61%
wenn
61%
wie
61%
Den
60%
einmal
60%
Einmal
60%
Treppe
58%
allen
57%
flieh'n
57%
abend
56%
aus
56%
seh'n
56%
verrückt
56%
wo
56%
für
55%
Für
55%
ihm
55%
Zwängen
55%
Dann
54%
Abendessen
53%
dass
53%
roch
53%
sagte
53%
Treppenhaus
53%
was
53%
Zeit
53%
eben
52%
jetzt
52%
als
50%
Frau
50%
Kleinen
50%
rief
50%
Schlüssel
50%
Tür
50%
werd
50%
dachte
49%
los
49%
mich
49%
schon
49%
gleich
48%
am
47%
bei
47%
Dir
47%
geht
47%
Ins
47%
nimm
47%
Spießigkeit
47%
Straße
47%
Wetten / Dalli
47%
Nein
46%
hinaus
45%
soll
45%
alles
44%
Aufbruch
44%
einfach
44%
sich
44%
über
44%
weg
44%
zog
44%
Flug
43%
von
43%
wurde
43%
Bohnerwachs
42%
seinen
41%
bleibst
40%
Geld
40%
könnt'
40%
Lass
40%
Pass
39%
Taxi
39%
fiel
38%
heute
38%
hier
38%
stand
38%
bloß
37%
heim
37%
wieder
37%
dort
36%
fragte
36%
Mann
36%
etwas
35%
Vielleicht
35%
wach
35%
inzwischen
34%
nehmen
34%
neonhelle
34%
oder
34%
Sehnsucht
34%
selbstverständlich
34%
stumm
34%
befrei'n
33%
steckte
33%
trug
33%
voll
33%
Enge
32%
fast
31%
Eck
30%
Autostop
29%
Träumen
29%
Durchs
27%
draußen
21%
Eurocard
13%
müsse
13%

Verteilung der Resultate

Perzentil nach korrekt beantworteten Fragen

Anzahl Personen mit jedem Resultat

Ihre Resultats-Entwicklung

Sie haben dieses Quiz seit der letzten Aktualisierung nicht gespielt